000 00268nam a22001097a 4500
999 _c167339
_d167339
082 _a
_b
100 _aSasidharan
245 _aAadhunik hindi natakom meim samagik vyangh/
_cby Sasidharan.
260 _aMathura:
_bJawahar Pustakalaya,
_c
650 _a
942 _cBK